{"text_format":"3","workbook":"xlsx","n_sheets":17,"sheets":["部门财务收支预算总表01-1","部门收入预算表01-2","部门支出预算表01-3","部门财政拨款收支预算总表02-1","一般公共预算支出预算表02-2","一般公共预算“三公”经费支出预算表03","部门基本支出预算表04","部门项目支出预算表05-1","部门项目支出绩效目标表05-2","部门政府性基金预算表06","部门政府采购预算表07","部门政府购买服务预算表08","省对下转移支付预算表09-1","省对下转移支付绩效目标表09-2","新增资产配置表10","中央转移支付补助项目支出预算表11","部门项目支出中期规划预算表12"],"not_rendered":{"defined_names":3},"read":"whole","date_system":"1900"}

{"sheet":"部门财务收支预算总表01-1","index":0,"n_rows":21,"n_cols":4,"rows_kept":21,"merged":[[1,0,1,3],[2,0,2,1],[3,0,3,1],[3,2,3,3],[4,0,5,0],[4,1,5,1],[4,2,5,2],[4,3,5,3]]}
[{"$nulls":3},"预算01-1表"]
["2026年部门财务收支预算总表"]
[{"$f":"\"单位名称：\"&\"云南省水文水资源局昆明分局\"","v":"单位名称：云南省水文水资源局昆明分局"},null,null,"单位：元"]
["收        入",null,"支        出"]
["项      目","预算数","项目（按功能分类）","预算数"]
[]
["一、一般公共预算拨款收入",{"v":21469988.76,"d":"21,469,988.76"},{"$f":"\"一\"&\"、\"&\"科学技术支出\"","v":"一、科学技术支出"},{"v":41530,"d":"41,530.00"}]
["二、政府性基金预算拨款收入",null,{"$f":"\"二\"&\"、\"&\"社会保障和就业支出\"","v":"二、社会保障和就业支出"},{"v":1619411.36,"d":"1,619,411.36"}]
["三、国有资本经营预算拨款收入",null,{"$f":"\"三\"&\"、\"&\"卫生健康支出\"","v":"三、卫生健康支出"},{"v":1594864.9,"d":"1,594,864.90"}]
["四、财政专户管理资金收入",null,{"$f":"\"四\"&\"、\"&\"农林水支出\"","v":"四、农林水支出"},{"v":20122581.87,"d":"20,122,581.87"}]
["五、单位资金",{"v":3860000,"d":"3,860,000.00"},{"$f":"\"五\"&\"、\"&\"住房保障支出\"","v":"五、住房保障支出"},{"v":1161940.63,"d":"1,161,940.63"}]
["1、事业收入"]
["2、事业单位经营收入"]
["3、上级补助收入"]
["4、附属单位上缴收入"]
["5、其他收入",{"v":3860000,"d":"3,860,000.00"}]
["本年收入合计",{"v":25329988.76,"d":"25,329,988.76"},"本年支出合计",{"v":24540328.76,"d":"24,540,328.76"}]
["上年结转结余",{"v":4629874.81,"d":"4,629,874.81"},"年终结转结余",{"v":5419534.81,"d":"5,419,534.81"}]
["1、财政拨款结转结余",{"v":41530,"d":"41,530.00"},"1、财政拨款结转结余"]
["2、非财政拨款结余",{"v":4588344.81,"d":"4,588,344.81"},"2、非财政拨款结余",{"v":5419534.81,"d":"5,419,534.81"}]
["收  入  总  计",{"v":29959863.57,"d":"29,959,863.57"},"支 出 总 计",{"v":29959863.57,"d":"29,959,863.57"}]

{"sheet":"部门收入预算表01-2","index":1,"n_rows":9,"n_cols":19,"rows_kept":9,"merged":[[0,17,0,18],[1,0,1,18],[2,0,2,3],[2,17,2,18],[3,0,5,0],[3,1,5,1],[3,2,5,2],[3,3,3,13],[3,14,3,18],[4,3,5,3],[4,4,5,4],[4,5,5,5],[4,6,5,6],[4,7,5,7],[4,8,4,13],[4,14,5,14],[4,15,5,15],[4,16,5,16],[4,17,5,17],[4,18,5,18]]}
[{"$nulls":17},"预算01-2表"]
["2026年部门收入预算表"]
[{"$f":"\"单位名称：\"&\"云南省水文水资源局昆明分局\"","v":"单位名称：云南省水文水资源局昆明分局"},{"$nulls":16},"单位：元"]
["部门（单位）代码","部门（单位）名称","合计","本年收入",{"$nulls":10},"上年结转结余"]
[{"$nulls":3},"小计","一般公共预算","政府性基金预算","国有资本经营预算","财政专户管理资金","单位资金收入",null,"事业单位经营收入","上级补助收入","附属单位上缴收入","其他收入","小计","一般公共预算","政府性基金预算","国有资本经营预算","非财政拨款结余"]
[{"$nulls":8},"小计","事业收入","事业单位经营收入","上级补助收入","附属单位上缴收入","其他收入"]
[1,2,3,4,5,6,7,8,9,10,11,12,13,14,15,16,17,18,19]
["126010012","云南省水文水资源局昆明分局",{"v":29959863.57,"d":"29,959,863.57"},{"v":25329988.76,"d":"25,329,988.76"},{"v":21469988.76,"d":"21,469,988.76"},{"$nulls":3},{"v":3860000,"d":"3,860,000.00"},{"$nulls":4},{"v":3860000,"d":"3,860,000.00"},{"v":4629874.81,"d":"4,629,874.81"},{"v":41530,"d":"41,530.00"},null,null,{"v":4588344.81,"d":"4,588,344.81"}]
["合计",null,{"v":29959863.57,"d":"29,959,863.57"},{"v":25329988.76,"d":"25,329,988.76"},{"v":21469988.76,"d":"21,469,988.76"},{"$nulls":3},{"v":3860000,"d":"3,860,000.00"},{"$nulls":4},{"v":3860000,"d":"3,860,000.00"},{"v":4629874.81,"d":"4,629,874.81"},{"v":41530,"d":"41,530.00"},null,null,{"v":4588344.81,"d":"4,588,344.81"}]

{"sheet":"部门支出预算表01-3","index":2,"n_rows":28,"n_cols":15,"rows_kept":28,"merged":[[1,0,1,14],[2,0,2,11],[3,0,4,0],[3,1,4,1],[3,2,4,2],[3,3,3,5],[3,6,4,6],[3,7,4,7],[3,8,4,8],[3,9,3,14],[27,0,27,1]]}
[{"$nulls":14},"预算01-3表"]
["2026年部门支出预算表"]
[{"$f":"\"单位名称：\"&\"云南省水文水资源局昆明分局\"","v":"单位名称：云南省水文水资源局昆明分局"},{"$nulls":13},"单位：元"]
["科目编码","科目名称","合计","一般公共预算",null,null,"政府性基金预算","国有资本经营预算","财政专户管理的支出","单位资金","事业支出","事业单位\n经营支出","上级补助支出","附属单位补助支出","其他支出"]
[{"$nulls":3},"小计","基本支出","项目支出",{"$nulls":3},"小计","事业支出","事业单位\n经营支出","上级补助支出","附属单位补助支出","其他支出"]
[1,2,3,4,5,6,7,8,9,10,11,12,13,14,15]
["206","科学技术支出",{"v":41530,"d":"41,530.00"},{"v":41530,"d":"41,530.00"},null,{"v":41530,"d":"41,530.00"}]
["20602","基础研究",{"v":41530,"d":"41,530.00"},{"v":41530,"d":"41,530.00"},null,{"v":41530,"d":"41,530.00"}]
["2060208","科技人才队伍建设",{"v":41530,"d":"41,530.00"},{"v":41530,"d":"41,530.00"},null,{"v":41530,"d":"41,530.00"}]
["208","社会保障和就业支出",{"v":1619411.36,"d":"1,619,411.36"},{"v":1619411.36,"d":"1,619,411.36"},{"v":1619411.36,"d":"1,619,411.36"}]
["20805","行政事业单位养老支出",{"v":1544049.86,"d":"1,544,049.86"},{"v":1544049.86,"d":"1,544,049.86"},{"v":1544049.86,"d":"1,544,049.86"}]
["2080502","事业单位离退休",{"v":18900,"d":"18,900.00"},{"v":18900,"d":"18,900.00"},{"v":18900,"d":"18,900.00"}]
["2080505","机关事业单位基本养老保险缴费支出",{"v":1525149.86,"d":"1,525,149.86"},{"v":1525149.86,"d":"1,525,149.86"},{"v":1525149.86,"d":"1,525,149.86"}]
["20899","其他社会保障和就业支出",{"v":75361.5,"d":"75,361.50"},{"v":75361.5,"d":"75,361.50"},{"v":75361.5,"d":"75,361.50"}]
["2089999","其他社会保障和就业支出",{"v":75361.5,"d":"75,361.50"},{"v":75361.5,"d":"75,361.50"},{"v":75361.5,"d":"75,361.50"}]
["210","卫生健康支出",{"v":1594864.9,"d":"1,594,864.90"},{"v":1594864.9,"d":"1,594,864.90"},{"v":1594864.9,"d":"1,594,864.90"}]
["21011","行政事业单位医疗",{"v":1594864.9,"d":"1,594,864.90"},{"v":1594864.9,"d":"1,594,864.90"},{"v":1594864.9,"d":"1,594,864.90"}]
["2101102","事业单位医疗",{"v":953218.67,"d":"953,218.67"},{"v":953218.67,"d":"953,218.67"},{"v":953218.67,"d":"953,218.67"}]
["2101103","公务员医疗补助",{"v":599467.73,"d":"599,467.73"},{"v":599467.73,"d":"599,467.73"},{"v":599467.73,"d":"599,467.73"}]
["2101199","其他行政事业单位医疗支出",{"v":42178.5,"d":"42,178.50"},{"v":42178.5,"d":"42,178.50"},{"v":42178.5,"d":"42,178.50"}]
["213","农林水支出",{"v":20122581.87,"d":"20,122,581.87"},{"v":17093771.87,"d":"17,093,771.87"},{"v":11781171.87,"d":"11,781,171.87"},{"v":5312600,"d":"5,312,600.00"},{"$nulls":3},{"v":3028810,"d":"3,028,810.00"},{"$nulls":4},{"v":3028810,"d":"3,028,810.00"}]
["21303","水利",{"v":20122581.87,"d":"20,122,581.87"},{"v":17093771.87,"d":"17,093,771.87"},{"v":11781171.87,"d":"11,781,171.87"},{"v":5312600,"d":"5,312,600.00"},{"$nulls":3},{"v":3028810,"d":"3,028,810.00"},{"$nulls":4},{"v":3028810,"d":"3,028,810.00"}]
["2130311","水资源节约管理与保护",{"v":921000,"d":"921,000.00"},{"v":921000,"d":"921,000.00"},null,{"v":921000,"d":"921,000.00"}]
["2130313","水文测报",{"v":19201581.87,"d":"19,201,581.87"},{"v":16172771.87,"d":"16,172,771.87"},{"v":11781171.87,"d":"11,781,171.87"},{"v":4391600,"d":"4,391,600.00"},{"$nulls":3},{"v":3028810,"d":"3,028,810.00"},{"$nulls":4},{"v":3028810,"d":"3,028,810.00"}]
["221","住房保障支出",{"v":1161940.63,"d":"1,161,940.63"},{"v":1161940.63,"d":"1,161,940.63"},{"v":1161940.63,"d":"1,161,940.63"}]
["22102","住房改革支出",{"v":1161940.63,"d":"1,161,940.63"},{"v":1161940.63,"d":"1,161,940.63"},{"v":1161940.63,"d":"1,161,940.63"}]
["2210201","住房公积金",{"v":1161940.63,"d":"1,161,940.63"},{"v":1161940.63,"d":"1,161,940.63"},{"v":1161940.63,"d":"1,161,940.63"}]
["合  计","合  计",{"v":24540328.76,"d":"24,540,328.76"},{"v":21511518.76,"d":"21,511,518.76"},{"v":16157388.76,"d":"16,157,388.76"},{"v":5354130,"d":"5,354,130.00"},{"$nulls":3},{"v":3028810,"d":"3,028,810.00"},{"$nulls":4},{"v":3028810,"d":"3,028,810.00"}]

{"sheet":"部门财政拨款收支预算总表02-1","index":3,"n_rows":16,"n_cols":4,"rows_kept":16,"merged":[[1,0,1,3],[2,0,2,1],[3,0,3,1],[3,2,3,3],[4,0,5,0],[4,1,5,1],[4,2,5,2],[4,3,5,3]]}
[{"$nulls":3},"预算02-1表"]
["2026年财政拨款收支预算总表"]
[{"$f":"\"单位名称：\"&\"云南省水文水资源局昆明分局\"","v":"单位名称：云南省水文水资源局昆明分局"},null,null,"单位：元"]
["收        入",null,"支        出"]
["项      目","预算数","支出功能分类科目","预算数"]
[]
["一、本年收入",{"v":21469988.76,"d":"21,469,988.76"},"一、本年支出",{"v":21511518.76,"d":"21,511,518.76"}]
["（一）一般公共预算拨款",{"v":21469988.76,"d":"21,469,988.76"},{"$f":"\"（一）\"&\"科学技术支出\"","v":"（一）科学技术支出"},{"v":41530,"d":"41,530.00"}]
["（二）政府性基金预算拨款",null,{"$f":"\"（二）\"&\"社会保障和就业支出\"","v":"（二）社会保障和就业支出"},{"v":1619411.36,"d":"1,619,411.36"}]
["（三）国有资本经营预算拨款",null,{"$f":"\"（三）\"&\"卫生健康支出\"","v":"（三）卫生健康支出"},{"v":1594864.9,"d":"1,594,864.90"}]
["二、上年结转",{"v":41530,"d":"41,530.00"},{"$f":"\"（四）\"&\"农林水支出\"","v":"（四）农林水支出"},{"v":17093771.87,"d":"17,093,771.87"}]
["（一）一般公共预算拨款",{"v":41530,"d":"41,530.00"},{"$f":"\"（五）\"&\"住房保障支出\"","v":"（五）住房保障支出"},{"v":1161940.63,"d":"1,161,940.63"}]
["（二）政府性基金预算拨款"]
["（三）国有资本经营预算拨款"]
[null,null,"二、年终结转结余"]
["收 入 总 计",{"v":21511518.76,"d":"21,511,518.76"},"支 出 总 计",{"v":21511518.76,"d":"21,511,518.76"}]

{"sheet":"一般公共预算支出预算表02-2","index":4,"n_rows":25,"n_cols":7,"rows_kept":25,"merged":[[1,0,1,6],[2,0,2,4],[3,0,3,1],[3,2,4,2],[3,3,3,5],[3,6,4,6],[24,0,24,1]]}
[{"$nulls":6},"预算02-2表"]
["2026年一般公共预算支出预算表（按功能科目分类）"]
[{"$f":"\"单位名称：\"&\"云南省水文水资源局昆明分局\"","v":"单位名称：云南省水文水资源局昆明分局"},{"$nulls":5},"单位：元"]
["部门预算支出功能分类科目",null,"合计","基本支出",null,null,"项目支出"]
["科目编码","科目名称",null,"小计","人员经费","公用经费"]
["1","2","3",4,"5","6","7"]
["208","社会保障和就业支出",{"v":1619411.36,"d":"1,619,411.36"},{"v":1619411.36,"d":"1,619,411.36"},{"v":1600511.36,"d":"1,600,511.36"},{"v":18900,"d":"18,900.00"}]
["20805","行政事业单位养老支出",{"v":1544049.86,"d":"1,544,049.86"},{"v":1544049.86,"d":"1,544,049.86"},{"v":1525149.86,"d":"1,525,149.86"},{"v":18900,"d":"18,900.00"}]
["2080502","事业单位离退休",{"v":18900,"d":"18,900.00"},{"v":18900,"d":"18,900.00"},null,{"v":18900,"d":"18,900.00"}]
["2080505","机关事业单位基本养老保险缴费支出",{"v":1525149.86,"d":"1,525,149.86"},{"v":1525149.86,"d":"1,525,149.86"},{"v":1525149.86,"d":"1,525,149.86"}]
["20899","其他社会保障和就业支出",{"v":75361.5,"d":"75,361.50"},{"v":75361.5,"d":"75,361.50"},{"v":75361.5,"d":"75,361.50"}]
["2089999","其他社会保障和就业支出",{"v":75361.5,"d":"75,361.50"},{"v":75361.5,"d":"75,361.50"},{"v":75361.5,"d":"75,361.50"}]
["210","卫生健康支出",{"v":1594864.9,"d":"1,594,864.90"},{"v":1594864.9,"d":"1,594,864.90"},{"v":1594864.9,"d":"1,594,864.90"}]
["21011","行政事业单位医疗",{"v":1594864.9,"d":"1,594,864.90"},{"v":1594864.9,"d":"1,594,864.90"},{"v":1594864.9,"d":"1,594,864.90"}]
["2101102","事业单位医疗",{"v":953218.67,"d":"953,218.67"},{"v":953218.67,"d":"953,218.67"},{"v":953218.67,"d":"953,218.67"}]
["2101103","公务员医疗补助",{"v":599467.73,"d":"599,467.73"},{"v":599467.73,"d":"599,467.73"},{"v":599467.73,"d":"599,467.73"}]
["2101199","其他行政事业单位医疗支出",{"v":42178.5,"d":"42,178.50"},{"v":42178.5,"d":"42,178.50"},{"v":42178.5,"d":"42,178.50"}]
["213","农林水支出",{"v":17093771.87,"d":"17,093,771.87"},{"v":11781171.87,"d":"11,781,171.87"},{"v":10860768.6,"d":"10,860,768.60"},{"v":920403.27,"d":"920,403.27"},{"v":5312600,"d":"5,312,600.00"}]
["21303","水利",{"v":17093771.87,"d":"17,093,771.87"},{"v":11781171.87,"d":"11,781,171.87"},{"v":10860768.6,"d":"10,860,768.60"},{"v":920403.27,"d":"920,403.27"},{"v":5312600,"d":"5,312,600.00"}]
["2130311","水资源节约管理与保护",{"v":921000,"d":"921,000.00"},{"$nulls":3},{"v":921000,"d":"921,000.00"}]
["2130313","水文测报",{"v":16172771.87,"d":"16,172,771.87"},{"v":11781171.87,"d":"11,781,171.87"},{"v":10860768.6,"d":"10,860,768.60"},{"v":920403.27,"d":"920,403.27"},{"v":4391600,"d":"4,391,600.00"}]
["221","住房保障支出",{"v":1161940.63,"d":"1,161,940.63"},{"v":1161940.63,"d":"1,161,940.63"},{"v":1161940.63,"d":"1,161,940.63"}]
["22102","住房改革支出",{"v":1161940.63,"d":"1,161,940.63"},{"v":1161940.63,"d":"1,161,940.63"},{"v":1161940.63,"d":"1,161,940.63"}]
["2210201","住房公积金",{"v":1161940.63,"d":"1,161,940.63"},{"v":1161940.63,"d":"1,161,940.63"},{"v":1161940.63,"d":"1,161,940.63"}]
["合  计","合  计",{"v":21469988.76,"d":"21,469,988.76"},{"v":16157388.76,"d":"16,157,388.76"},{"v":15218085.49,"d":"15,218,085.49"},{"v":939303.27,"d":"939,303.27"},{"v":5312600,"d":"5,312,600.00"}]

{"sheet":"一般公共预算“三公”经费支出预算表03","index":5,"n_rows":7,"n_cols":6,"rows_kept":7,"merged":[[1,0,1,5],[2,0,2,3],[3,0,4,0],[3,1,4,1],[3,2,3,4],[3,5,4,5]]}
[{"$nulls":5},"预算03表"]
["2026年一般公共预算“三公”经费支出预算表"]
[{"$f":"\"单位名称：\"&\"云南省水文水资源局昆明分局\"","v":"单位名称：云南省水文水资源局昆明分局"},{"$nulls":4},"单位：元"]
["“三公”经费合计","因公出国（境）费","公务用车购置及运行费",null,null,"公务接待费"]
[null,null,"小计","公务用车购置费","公务用车运行费"]
[1,2,3,4,5,6]
[{"v":45900,"d":"45,900.00"},null,{"v":38500,"d":"38,500.00"},null,{"v":38500,"d":"38,500.00"},{"v":7400,"d":"7,400.00"}]

{"sheet":"部门基本支出预算表04","index":6,"n_rows":38,"n_cols":23,"rows_kept":38,"merged":[[1,0,1,22],[2,0,2,6],[3,0,6,0],[3,1,6,1],[3,2,6,2],[3,3,6,3],[3,4,6,4],[3,5,6,5],[3,6,6,6],[3,7,3,22],[4,7,6,7],[4,8,4,12],[4,13,4,15],[4,16,6,16],[4,17,4,22],[5,8,6,8],[5,9,6,9],[5,10,6,10],[5,11,6,11],[5,12,6,12],[5,13,6,13],[5,14,6,14],[5,15,6,15],[5,17,6,17],[5,18,6,18],[5,19,6,19],[5,20,6,20],[5,21,6,21],[5,22,6,22],[37,0,37,6]]}
[{"$nulls":22},"预算04表"]
["2026年部门基本支出预算表"]
[{"$f":"\"单位名称：\"&\"云南省水文水资源局昆明分局\"","v":"单位名称：云南省水文水资源局昆明分局"},{"$nulls":21},"单位：元"]
["单位名称","项目代码","项目名称","功能科目编码","功能科目名称","经济科目编码","经济科目名称","资金来源"]
[{"$nulls":7},"合计","一般公共预算",{"$nulls":4},"财政拨款结转结余",null,null,"财政专户管理资金","单位资金"]
[{"$nulls":8},"全年数","已提前安排","抵扣上年垫付资金","本次下达","另文下达","一般公共预算","政府性基金预算","国有资本经营预算",null,"小计","事业收入","事业单位\n经营收入","上级补助收入","附属单位上缴收入","其他收入"]
[]
[1,2,3,4,5,6,7,8,9,10,11,12,13,14,15,16,17,18,19,20,21,22,23]
["云南省水文水资源局昆明分局",{"$nulls":6},{"v":16678998.76,"d":"16,678,998.76"},{"v":16157388.76,"d":"16,157,388.76"},{"v":4057606.07,"d":"4,057,606.07"},null,{"v":12099782.69,"d":"12,099,782.69"},{"$nulls":5},{"v":521610,"d":"521,610.00"},{"$nulls":4},{"v":521610,"d":"521,610.00"}]
["云南省水文水资源局昆明分局","530000210000000042175","事业人员支出工资","2130313","水文测报","30101","基本工资",{"v":4435884,"d":"4,435,884.00"},{"v":4435884,"d":"4,435,884.00"},{"v":1108971,"d":"1,108,971.00"},null,{"v":3326913,"d":"3,326,913.00"}]
["云南省水文水资源局昆明分局","530000210000000042175","事业人员支出工资","2130313","水文测报","30102","津贴补贴",{"v":492290.4,"d":"492,290.40"},{"v":492290.4,"d":"492,290.40"},{"v":123072.6,"d":"123,072.60"},null,{"v":369217.8,"d":"369,217.80"}]
["云南省水文水资源局昆明分局","530000210000000042175","事业人员支出工资","2130313","水文测报","30103","奖金",{"v":369657,"d":"369,657.00"},{"v":369657,"d":"369,657.00"},{"v":92414.25,"d":"92,414.25"},null,{"v":277242.75,"d":"277,242.75"}]
["云南省水文水资源局昆明分局","530000210000000042175","事业人员支出工资","2130313","水文测报","30107","绩效工资",{"v":5456592,"d":"5,456,592.00"},{"v":5456592,"d":"5,456,592.00"},{"v":1364148,"d":"1,364,148.00"},null,{"v":4092444,"d":"4,092,444.00"}]
["云南省水文水资源局昆明分局","530000210000000042176","社会保障缴费","2080505","机关事业单位基本养老保险缴费支出","30108","机关事业单位基本养老保险缴费",{"v":1525149.86,"d":"1,525,149.86"},{"v":1525149.86,"d":"1,525,149.86"},{"v":381287.47,"d":"381,287.47"},null,{"v":1143862.39,"d":"1,143,862.39"}]
["云南省水文水资源局昆明分局","530000210000000042176","社会保障缴费","2089999","其他社会保障和就业支出","30112","其他社会保障缴费",{"v":75361.5,"d":"75,361.50"},{"v":75361.5,"d":"75,361.50"},{"v":18840.37,"d":"18,840.37"},null,{"v":56521.13,"d":"56,521.13"}]
["云南省水文水资源局昆明分局","530000210000000042176","社会保障缴费","2101102","事业单位医疗","30110","职工基本医疗保险缴费",{"v":953218.67,"d":"953,218.67"},{"v":953218.67,"d":"953,218.67"},{"v":238304.67,"d":"238,304.67"},null,{"v":714914,"d":"714,914.00"}]
["云南省水文水资源局昆明分局","530000210000000042176","社会保障缴费","2101103","公务员医疗补助","30111","公务员医疗补助缴费",{"v":599467.73,"d":"599,467.73"},{"v":599467.73,"d":"599,467.73"},{"v":149866.93,"d":"149,866.93"},null,{"v":449600.8,"d":"449,600.80"}]
["云南省水文水资源局昆明分局","530000210000000042176","社会保障缴费","2101199","其他行政事业单位医疗支出","30112","其他社会保障缴费",{"v":42178.5,"d":"42,178.50"},{"v":42178.5,"d":"42,178.50"},{"v":42178.5,"d":"42,178.50"}]
["云南省水文水资源局昆明分局","530000210000000042178","住房公积金","2210201","住房公积金","30113","住房公积金",{"v":1161940.63,"d":"1,161,940.63"},{"v":1161940.63,"d":"1,161,940.63"},{"v":290485.16,"d":"290,485.16"},null,{"v":871455.47,"d":"871,455.47"}]
["云南省水文水资源局昆明分局","530000210000000042179","对个人和家庭的补助","2130313","水文测报","30305","生活补助",{"v":106345.2,"d":"106,345.20"},{"v":106345.2,"d":"106,345.20"},{"v":26586.3,"d":"26,586.30"},null,{"v":79758.9,"d":"79,758.90"}]
["云南省水文水资源局昆明分局","530000210000000042181","公车购置及运维费","2130313","水文测报","30231","公务用车运行维护费",{"v":128400,"d":"128,400.00"},{"v":38500,"d":"38,500.00"},null,null,{"v":38500,"d":"38,500.00"},{"$nulls":5},{"v":89900,"d":"89,900.00"},{"$nulls":4},{"v":89900,"d":"89,900.00"}]
["云南省水文水资源局昆明分局","530000210000000042183","公务接待费","2130313","水文测报","30217","公务接待费",{"v":7400,"d":"7,400.00"},{"v":7400,"d":"7,400.00"},{"v":1850,"d":"1,850.00"},null,{"v":5550,"d":"5,550.00"}]
["云南省水文水资源局昆明分局","530000210000000042185","工会经费","2130313","水文测报","30228","工会经费",{"v":215088.47,"d":"215,088.47"},{"v":215088.47,"d":"215,088.47"},{"v":53772.12,"d":"53,772.12"},null,{"v":161316.35,"d":"161,316.35"}]
["云南省水文水资源局昆明分局","530000210000000042186","一般公用经费","2080502","事业单位离退休","30299","其他商品和服务支出",{"v":18900,"d":"18,900.00"},{"v":18900,"d":"18,900.00"},{"v":4725,"d":"4,725.00"},null,{"v":14175,"d":"14,175.00"}]
["云南省水文水资源局昆明分局","530000210000000042186","一般公用经费","2130313","水文测报","30201","办公费",{"v":54077.17,"d":"54,077.17"},{"v":54077.17,"d":"54,077.17"},{"v":13519.29,"d":"13,519.29"},null,{"v":40557.88,"d":"40,557.88"}]
["云南省水文水资源局昆明分局","530000210000000042186","一般公用经费","2130313","水文测报","30202","印刷费",{"v":15000,"d":"15,000.00"},{"v":15000,"d":"15,000.00"},null,null,{"v":15000,"d":"15,000.00"}]
["云南省水文水资源局昆明分局","530000210000000042186","一般公用经费","2130313","水文测报","30204","手续费",{"v":300,"d":"300.00"},{"v":300,"d":"300.00"},{"v":75,"d":"75.00"},null,{"v":225,"d":"225.00"}]
["云南省水文水资源局昆明分局","530000210000000042186","一般公用经费","2130313","水文测报","30205","水费",{"v":12000,"d":"12,000.00"},{"v":12000,"d":"12,000.00"},{"v":3000,"d":"3,000.00"},null,{"v":9000,"d":"9,000.00"}]
["云南省水文水资源局昆明分局","530000210000000042186","一般公用经费","2130313","水文测报","30206","电费",{"v":125000,"d":"125,000.00"},{"v":125000,"d":"125,000.00"},{"v":31250,"d":"31,250.00"},null,{"v":93750,"d":"93,750.00"}]
["云南省水文水资源局昆明分局","530000210000000042186","一般公用经费","2130313","水文测报","30207","邮电费",{"v":21000,"d":"21,000.00"},{"v":21000,"d":"21,000.00"},{"v":5250,"d":"5,250.00"},null,{"v":15750,"d":"15,750.00"}]
["云南省水文水资源局昆明分局","530000210000000042186","一般公用经费","2130313","水文测报","30211","差旅费",{"v":142657,"d":"142,657.00"},{"v":142657,"d":"142,657.00"},{"v":35664.25,"d":"35,664.25"},null,{"v":106992.75,"d":"106,992.75"}]
["云南省水文水资源局昆明分局","530000210000000042186","一般公用经费","2130313","水文测报","30213","维修（护）费",{"v":2000,"d":"2,000.00"},{"v":2000,"d":"2,000.00"},{"v":500,"d":"500.00"},null,{"v":1500,"d":"1,500.00"}]
["云南省水文水资源局昆明分局","530000210000000042186","一般公用经费","2130313","水文测报","30215","会议费",{"v":7500,"d":"7,500.00"},{"v":7500,"d":"7,500.00"},{"v":1875,"d":"1,875.00"},null,{"v":5625,"d":"5,625.00"}]
["云南省水文水资源局昆明分局","530000210000000042186","一般公用经费","2130313","水文测报","30216","培训费",{"v":4000,"d":"4,000.00"},{"v":4000,"d":"4,000.00"},{"v":1000,"d":"1,000.00"},null,{"v":3000,"d":"3,000.00"}]
["云南省水文水资源局昆明分局","530000210000000042186","一般公用经费","2130313","水文测报","30227","委托业务费",{"v":30000,"d":"30,000.00"},{"v":30000,"d":"30,000.00"},{"v":7500,"d":"7,500.00"},null,{"v":22500,"d":"22,500.00"}]
["云南省水文水资源局昆明分局","530000210000000042186","一般公用经费","2130313","水文测报","30239","其他交通费用",{"v":261250,"d":"261,250.00"},{"$nulls":9},{"v":261250,"d":"261,250.00"},{"$nulls":4},{"v":261250,"d":"261,250.00"}]
["云南省水文水资源局昆明分局","530000210000000042186","一般公用经费","2130313","水文测报","30299","其他商品和服务支出",{"v":416340.63,"d":"416,340.63"},{"v":245880.63,"d":"245,880.63"},{"v":61470.16,"d":"61,470.16"},null,{"v":184410.47,"d":"184,410.47"},{"$nulls":5},{"v":170460,"d":"170,460.00"},{"$nulls":4},{"v":170460,"d":"170,460.00"}]
["合  计",{"$nulls":6},{"v":16678998.76,"d":"16,678,998.76"},{"v":16157388.76,"d":"16,157,388.76"},{"v":4057606.07,"d":"4,057,606.07"},null,{"v":12099782.69,"d":"12,099,782.69"},{"$nulls":5},{"v":521610,"d":"521,610.00"},{"$nulls":4},{"v":521610,"d":"521,610.00"}]

{"sheet":"部门项目支出预算表05-1","index":7,"n_rows":41,"n_cols":23,"rows_kept":41,"merged":[[1,0,1,22],[2,0,2,8],[3,0,5,0],[3,1,5,1],[3,2,5,2],[3,3,5,3],[3,4,5,4],[3,5,5,5],[3,6,5,6],[3,7,5,7],[3,8,5,8],[3,9,3,12],[3,13,3,15],[3,16,5,16],[3,17,3,22],[4,9,4,10],[4,11,5,11],[4,12,5,12],[4,13,5,13],[4,14,5,14],[4,15,5,15],[4,17,5,17],[4,18,5,18],[4,19,5,19],[4,20,5,20],[4,21,5,21],[4,22,5,22],[40,0,40,7]]}
[{"$nulls":22},"预算05-1表"]
["2026年部门项目支出预算表"]
[{"$f":"\"单位名称：\"&\"云南省水文水资源局昆明分局\"","v":"单位名称：云南省水文水资源局昆明分局"},"单位名称：云南省水文水资源局昆明分局",{"$nulls":20},"单位：元"]
["项目分类","项目代码","项目名称","项目单位","功能科目编码","功能科目名称","经济科目编码","经济科目名称","合计","本年拨款",{"$nulls":3},"财政拨款结转结余",null,null,"财政专户管理资金","单位资金"]
[{"$nulls":9},"一般公共预算",null,"政府性基金预算","国有资本经营预算","一般公共预算","政府性基金预算","国有资本经营预算",null,"小计","事业收入","事业单位\n经营收入","上级补助收入","附属单位上缴收入","其他收入"]
[{"$nulls":9},"小计","其中：本次下达"]
[1,2,3,4,5,6,7,8,9,10,11,12,13,14,15,16,17,18,19,20,21,22,23]
[null,null,"2025年第二批高层次科技人才培养引进专项资金",{"$nulls":5},{"v":41530,"d":"41,530.00"},{"$nulls":4},{"v":41530,"d":"41,530.00"}]
["事业发展类","530000251100004336433","2025年第二批高层次科技人才培养引进专项资金","云南省水文水资源局昆明分局","2060208","科技人才队伍建设","30202","印刷费",{"v":5000,"d":"5,000.00"},{"$nulls":4},{"v":5000,"d":"5,000.00"}]
["事业发展类","530000251100004336433","2025年第二批高层次科技人才培养引进专项资金","云南省水文水资源局昆明分局","2060208","科技人才队伍建设","30211","差旅费",{"v":17170,"d":"17,170.00"},{"$nulls":4},{"v":17170,"d":"17,170.00"}]
["事业发展类","530000251100004336433","2025年第二批高层次科技人才培养引进专项资金","云南省水文水资源局昆明分局","2060208","科技人才队伍建设","30226","劳务费",{"v":13200,"d":"13,200.00"},{"$nulls":4},{"v":13200,"d":"13,200.00"}]
["事业发展类","530000251100004336433","2025年第二批高层次科技人才培养引进专项资金","云南省水文水资源局昆明分局","2060208","科技人才队伍建设","30227","委托业务费",{"v":800,"d":"800.00"},{"$nulls":4},{"v":800,"d":"800.00"}]
["事业发展类","530000251100004336433","2025年第二批高层次科技人才培养引进专项资金","云南省水文水资源局昆明分局","2060208","科技人才队伍建设","30299","其他商品和服务支出",{"v":5360,"d":"5,360.00"},{"$nulls":4},{"v":5360,"d":"5,360.00"}]
[null,null,"其他人员支出",{"$nulls":5},{"v":1543200,"d":"1,543,200.00"},{"v":1543200,"d":"1,543,200.00"},{"v":1543200,"d":"1,543,200.00"}]
["民生类","530000231100001111834","其他人员支出","云南省水文水资源局昆明分局","2130313","水文测报","30199","其他工资福利支出",{"v":1543200,"d":"1,543,200.00"},{"v":1543200,"d":"1,543,200.00"},{"v":1543200,"d":"1,543,200.00"}]
[null,null,"水文水资源服务支出经费",{"$nulls":5},{"v":6276600,"d":"6,276,600.00"},{"v":3769400,"d":"3,769,400.00"},{"$nulls":7},{"v":2507200,"d":"2,507,200.00"},{"$nulls":4},{"v":2507200,"d":"2,507,200.00"}]
["其他运转类","530000251100003229160","水文水资源服务支出经费","云南省水文水资源局昆明分局","2130311","水资源节约管理与保护","30207","邮电费",{"v":27480,"d":"27,480.00"},{"v":27480,"d":"27,480.00"}]
["其他运转类","530000251100003229160","水文水资源服务支出经费","云南省水文水资源局昆明分局","2130311","水资源节约管理与保护","30211","差旅费",{"v":180440,"d":"180,440.00"},{"v":180440,"d":"180,440.00"}]
["其他运转类","530000251100003229160","水文水资源服务支出经费","云南省水文水资源局昆明分局","2130311","水资源节约管理与保护","30213","维修（护）费",{"v":403990,"d":"403,990.00"},{"v":403990,"d":"403,990.00"}]
["其他运转类","530000251100003229160","水文水资源服务支出经费","云南省水文水资源局昆明分局","2130311","水资源节约管理与保护","30218","专用材料费",{"v":79938,"d":"79,938.00"},{"v":79938,"d":"79,938.00"}]
["其他运转类","530000251100003229160","水文水资源服务支出经费","云南省水文水资源局昆明分局","2130311","水资源节约管理与保护","30227","委托业务费",{"v":229152,"d":"229,152.00"},{"v":229152,"d":"229,152.00"}]
["其他运转类","530000251100003229160","水文水资源服务支出经费","云南省水文水资源局昆明分局","2130313","水文测报","30201","办公费",{"v":68020.8,"d":"68,020.80"},{"v":68020.8,"d":"68,020.80"}]
["其他运转类","530000251100003229160","水文水资源服务支出经费","云南省水文水资源局昆明分局","2130313","水文测报","30202","印刷费",{"v":136640,"d":"136,640.00"},{"v":136640,"d":"136,640.00"}]
["其他运转类","530000251100003229160","水文水资源服务支出经费","云南省水文水资源局昆明分局","2130313","水文测报","30204","手续费",{"v":1000,"d":"1,000.00"},{"v":1000,"d":"1,000.00"}]
["其他运转类","530000251100003229160","水文水资源服务支出经费","云南省水文水资源局昆明分局","2130313","水文测报","30205","水费",{"v":15000,"d":"15,000.00"},{"v":15000,"d":"15,000.00"}]
["其他运转类","530000251100003229160","水文水资源服务支出经费","云南省水文水资源局昆明分局","2130313","水文测报","30206","电费",{"v":105000,"d":"105,000.00"},{"v":105000,"d":"105,000.00"}]
["其他运转类","530000251100003229160","水文水资源服务支出经费","云南省水文水资源局昆明分局","2130313","水文测报","30207","邮电费",{"v":193788,"d":"193,788.00"},{"v":121608,"d":"121,608.00"},{"$nulls":7},{"v":72180,"d":"72,180.00"},{"$nulls":4},{"v":72180,"d":"72,180.00"}]
["其他运转类","530000251100003229160","水文水资源服务支出经费","云南省水文水资源局昆明分局","2130313","水文测报","30209","物业管理费",{"v":204081,"d":"204,081.00"},{"v":204081,"d":"204,081.00"}]
["其他运转类","530000251100003229160","水文水资源服务支出经费","云南省水文水资源局昆明分局","2130313","水文测报","30211","差旅费",{"v":527380,"d":"527,380.00"},{"v":292680,"d":"292,680.00"},{"$nulls":7},{"v":234700,"d":"234,700.00"},{"$nulls":4},{"v":234700,"d":"234,700.00"}]
["其他运转类","530000251100003229160","水文水资源服务支出经费","云南省水文水资源局昆明分局","2130313","水文测报","30213","维修（护）费",{"v":1518992,"d":"1,518,992.00"},{"v":945932,"d":"945,932.00"},{"$nulls":7},{"v":573060,"d":"573,060.00"},{"$nulls":4},{"v":573060,"d":"573,060.00"}]
["其他运转类","530000251100003229160","水文水资源服务支出经费","云南省水文水资源局昆明分局","2130313","水文测报","30214","租赁费",{"v":83400,"d":"83,400.00"},{"v":26700,"d":"26,700.00"},{"$nulls":7},{"v":56700,"d":"56,700.00"},{"$nulls":4},{"v":56700,"d":"56,700.00"}]
["其他运转类","530000251100003229160","水文水资源服务支出经费","云南省水文水资源局昆明分局","2130313","水文测报","30216","培训费",{"v":22000,"d":"22,000.00"},{"v":22000,"d":"22,000.00"}]
["其他运转类","530000251100003229160","水文水资源服务支出经费","云南省水文水资源局昆明分局","2130313","水文测报","30218","专用材料费",{"v":277854.4,"d":"277,854.40"},{"v":51690,"d":"51,690.00"},{"$nulls":7},{"v":226164.4,"d":"226,164.40"},{"$nulls":4},{"v":226164.4,"d":"226,164.40"}]
["其他运转类","530000251100003229160","水文水资源服务支出经费","云南省水文水资源局昆明分局","2130313","水文测报","30226","劳务费",{"v":113600,"d":"113,600.00"},{"v":80000,"d":"80,000.00"},{"$nulls":7},{"v":33600,"d":"33,600.00"},{"$nulls":4},{"v":33600,"d":"33,600.00"}]
["其他运转类","530000251100003229160","水文水资源服务支出经费","云南省水文水资源局昆明分局","2130313","水文测报","30227","委托业务费",{"v":1198473.2,"d":"1,198,473.20"},{"v":318393.2,"d":"318,393.20"},{"$nulls":7},{"v":880080,"d":"880,080.00"},{"$nulls":4},{"v":880080,"d":"880,080.00"}]
["其他运转类","530000251100003229160","水文水资源服务支出经费","云南省水文水资源局昆明分局","2130313","水文测报","30239","其他交通费用",{"v":166500,"d":"166,500.00"},{"v":166500,"d":"166,500.00"}]
["其他运转类","530000251100003229160","水文水资源服务支出经费","云南省水文水资源局昆明分局","2130313","水文测报","30240","税金及附加费用",{"v":293155,"d":"293,155.00"},{"v":293155,"d":"293,155.00"}]
["其他运转类","530000251100003229160","水文水资源服务支出经费","云南省水文水资源局昆明分局","2130313","水文测报","31002","办公设备购置",{"v":207715.6,"d":"207,715.60"},{"$nulls":8},{"v":207715.6,"d":"207,715.60"},{"$nulls":4},{"v":207715.6,"d":"207,715.60"}]
["其他运转类","530000251100003229160","水文水资源服务支出经费","云南省水文水资源局昆明分局","2130313","水文测报","31003","专用设备购置",{"v":123000,"d":"123,000.00"},{"$nulls":8},{"v":123000,"d":"123,000.00"},{"$nulls":4},{"v":123000,"d":"123,000.00"}]
["其他运转类","530000251100003229160","水文水资源服务支出经费","云南省水文水资源局昆明分局","2130313","水文测报","31007","信息网络及软件购置更新",{"v":100000,"d":"100,000.00"},{"$nulls":8},{"v":100000,"d":"100,000.00"},{"$nulls":4},{"v":100000,"d":"100,000.00"}]
["合  计",{"$nulls":7},{"v":7861330,"d":"7,861,330.00"},{"v":5312600,"d":"5,312,600.00"},{"v":1543200,"d":"1,543,200.00"},null,null,{"v":41530,"d":"41,530.00"},{"$nulls":3},{"v":2507200,"d":"2,507,200.00"},{"$nulls":4},{"v":2507200,"d":"2,507,200.00"}]

{"sheet":"部门项目支出绩效目标表05-2","index":8,"n_rows":20,"n_cols":10,"rows_kept":20,"merged":[[1,0,1,9],[2,0,2,7],[6,0,16,0],[6,1,16,1],[17,0,19,0],[17,1,19,1]]}
[{"$nulls":9},"预算05-2表"]
["2026年部门项目支出绩效目标表"]
[{"$f":"\"单位名称：\"&\"云南省水文水资源局昆明分局\"","v":"单位名称：云南省水文水资源局昆明分局"}]
["单位名称、项目名称","项目年度绩效目标","一级指标","二级指标","三级指标","指标性质","指标值","度量单位","指标属性","指标内容"]
[1,2,3,4,5,6,7,8,9,10]
["云南省水文水资源局昆明分局"]
["水文水资源服务支出经费","1.保障昆明分局辖区内国家基本站、基本委托雨量站的正常运行及水文数据监测水情数据预报等工作。\n2.完成全省水源地水资源质量监测、分析、评价；加强昆明分局水环境监测分中心实验室管理，完成日常质量管理、安全防护，信息系统、基础设施及仪器设备的运行维护，保证监测数据的准确、可靠。\n3.完成年度昆明分局水文资料整编、汇编及刊印、水情预报、水文新技术引进及研发推广应用。\n4.保障昆明辖区中小河流雨量站、州市界河站、中小河流水位站及水文站的运行维护。\n5.及时向各级水行政主管部门、流域机构及各相关部门上报监测数据，更好地为水利工程调度、水资源管理、防汛抗旱减灾及水环境的污染控制和治理等工作提供科学决策依据。\n6.组织开展全省水文系统技术业务培训，培养人才和锻炼水文队伍，进一步提高水文行业专业技术业务能力。\n7.完成年度水文委托业务，成果质量、业务能力得到主管部门及社会公众认可。\n8.完成年度分局水文监测调查设备的配置和水文基础设施改造，保障水文工作的正常开展。\n","产出指标","数量指标","完成监测任务水文站数量","=","28","个","定量指标","完成监测任务水文站数量。"]
["水文水资源服务支出经费","1.保障昆明分局辖区内国家基本站、基本委托雨量站的正常运行及水文数据监测水情数据预报等工作。\n2.完成全省水源地水资源质量监测、分析、评价；加强昆明分局水环境监测分中心实验室管理，完成日常质量管理、安全防护，信息系统、基础设施及仪器设备的运行维护，保证监测数据的准确、可靠。\n3.完成年度昆明分局水文资料整编、汇编及刊印、水情预报、水文新技术引进及研发推广应用。\n4.保障昆明辖区中小河流雨量站、州市界河站、中小河流水位站及水文站的运行维护。\n5.及时向各级水行政主管部门、流域机构及各相关部门上报监测数据，更好为水利工程调度、水资源管理、防汛抗旱减灾及水环境的污染控制和治理等工作提供科学决策依据。\n6.组织开展全省水文系统技术业务培训，培养人才和锻炼水文队伍，进一步提高水文行业专业技术业务能力。\n7.完成年度水文委托业务，成果质量、业务能力得到主管部门及社会公众认可。\n8.完成年度分局水文监测调查设备的配置和水文基础设施改造，保障水文工作的正常开展。\n9.根据《云南省财政厅云南省发展和改革委员会关于事业单位经营服务性收费有关问题的通知》，开展水文水资源服务工作，服务云南社会经济，保障云南水文发展，通过开展水文水资源服务工作，加强水文、水资源基础研究、促进水文新技术的开发利用、培养人才和锻炼水文队伍，弥补水文事业经费不足，确保水文事业稳定可持续发展，并推进水文水资源服务健康发展。","产出指标","数量指标","完成监测任务水位站数量","=","17","个","定量指标","完成监测任务水位站数量。"]
["水文水资源服务支出经费","1.保障昆明分局辖区内国家基本站、基本委托雨量站的正常运行及水文数据监测水情数据预报等工作。\n2.完成全省水源地水资源质量监测、分析、评价；加强昆明分局水环境监测分中心实验室管理，完成日常质量管理、安全防护，信息系统、基础设施及仪器设备的运行维护，保证监测数据的准确、可靠。\n3.完成年度昆明分局水文资料整编、汇编及刊印、水情预报、水文新技术引进及研发推广应用。\n4.保障昆明辖区中小河流雨量站、州市界河站、中小河流水位站及水文站的运行维护。\n5.及时向各级水行政主管部门、流域机构及各相关部门上报监测数据，更好为水利工程调度、水资源管理、防汛抗旱减灾及水环境的污染控制和治理等工作提供科学决策依据。\n6.组织开展全省水文系统技术业务培训，培养人才和锻炼水文队伍，进一步提高水文行业专业技术业务能力。\n7.完成年度水文委托业务，成果质量、业务能力得到主管部门及社会公众认可。\n8.完成年度分局水文监测调查设备的配置和水文基础设施改造，保障水文工作的正常开展。\n9.根据《云南省财政厅云南省发展和改革委员会关于事业单位经营服务性收费有关问题的通知》，开展水文水资源服务工作，服务云南社会经济，保障云南水文发展，通过开展水文水资源服务工作，加强水文、水资源基础研究、促进水文新技术的开发利用、培养人才和锻炼水文队伍，弥补水文事业经费不足，确保水文事业稳定可持续发展，并推进水文水资源服务健康发展。","产出指标","数量指标","完成监测任务雨量站数量","=","251","个","定量指标","完成监测任务雨量站数量。"]
["水文水资源服务支出经费","1.保障昆明分局辖区内国家基本站、基本委托雨量站的正常运行及水文数据监测水情数据预报等工作。\n2.完成全省水源地水资源质量监测、分析、评价；加强昆明分局水环境监测分中心实验室管理，完成日常质量管理、安全防护，信息系统、基础设施及仪器设备的运行维护，保证监测数据的准确、可靠。\n3.完成年度昆明分局水文资料整编、汇编及刊印、水情预报、水文新技术引进及研发推广应用。\n4.保障昆明辖区中小河流雨量站、州市界河站、中小河流水位站及水文站的运行维护。\n5.及时向各级水行政主管部门、流域机构及各相关部门上报监测数据，更好为水利工程调度、水资源管理、防汛抗旱减灾及水环境的污染控制和治理等工作提供科学决策依据。\n6.组织开展全省水文系统技术业务培训，培养人才和锻炼水文队伍，进一步提高水文行业专业技术业务能力。\n7.完成年度水文委托业务，成果质量、业务能力得到主管部门及社会公众认可。\n8.完成年度分局水文监测调查设备的配置和水文基础设施改造，保障水文工作的正常开展。\n9.根据《云南省财政厅云南省发展和改革委员会关于事业单位经营服务性收费有关问题的通知》，开展水文水资源服务工作，服务云南社会经济，保障云南水文发展，通过开展水文水资源服务工作，加强水文、水资源基础研究、促进水文新技术的开发利用、培养人才和锻炼水文队伍，弥补水文事业经费不足，确保水文事业稳定可持续发展，并推进水文水资源服务健康发展。","产出指标","数量指标","完成水质监测站点数量","=","95","个","定量指标","完成水质监测站点数量。"]
["水文水资源服务支出经费","1.保障昆明分局辖区内国家基本站、基本委托雨量站的正常运行及水文数据监测水情数据预报等工作。\n2.完成全省水源地水资源质量监测、分析、评价；加强昆明分局水环境监测分中心实验室管理，完成日常质量管理、安全防护，信息系统、基础设施及仪器设备的运行维护，保证监测数据的准确、可靠。\n3.完成年度昆明分局水文资料整编、汇编及刊印、水情预报、水文新技术引进及研发推广应用。\n4.保障昆明辖区中小河流雨量站、州市界河站、中小河流水位站及水文站的运行维护。\n5.及时向各级水行政主管部门、流域机构及各相关部门上报监测数据，更好为水利工程调度、水资源管理、防汛抗旱减灾及水环境的污染控制和治理等工作提供科学决策依据。\n6.组织开展全省水文系统技术业务培训，培养人才和锻炼水文队伍，进一步提高水文行业专业技术业务能力。\n7.完成年度水文委托业务，成果质量、业务能力得到主管部门及社会公众认可。\n8.完成年度分局水文监测调查设备的配置和水文基础设施改造，保障水文工作的正常开展。\n9.根据《云南省财政厅云南省发展和改革委员会关于事业单位经营服务性收费有关问题的通知》，开展水文水资源服务工作，服务云南社会经济，保障云南水文发展，通过开展水文水资源服务工作，加强水文、水资源基础研究、促进水文新技术的开发利用、培养人才和锻炼水文队伍，弥补水文事业经费不足，确保水文事业稳定可持续发展，并推进水文水资源服务健康发展。","产出指标","数量指标","完成水质监测测次总数","=","580","次","定量指标","完成水质监测测次总数。"]
["水文水资源服务支出经费","1.保障昆明分局辖区内国家基本站、基本委托雨量站的正常运行及水文数据监测水情数据预报等工作。\n2.完成全省水源地水资源质量监测、分析、评价；加强昆明分局水环境监测分中心实验室管理，完成日常质量管理、安全防护，信息系统、基础设施及仪器设备的运行维护，保证监测数据的准确、可靠。\n3.完成年度昆明分局水文资料整编、汇编及刊印、水情预报、水文新技术引进及研发推广应用。\n4.保障昆明辖区中小河流雨量站、州市界河站、中小河流水位站及水文站的运行维护。\n5.及时向各级水行政主管部门、流域机构及各相关部门上报监测数据，更好为水利工程调度、水资源管理、防汛抗旱减灾及水环境的污染控制和治理等工作提供科学决策依据。\n6.组织开展全省水文系统技术业务培训，培养人才和锻炼水文队伍，进一步提高水文行业专业技术业务能力。\n7.完成年度水文委托业务，成果质量、业务能力得到主管部门及社会公众认可。\n8.完成年度分局水文监测调查设备的配置和水文基础设施改造，保障水文工作的正常开展。\n9.根据《云南省财政厅云南省发展和改革委员会关于事业单位经营服务性收费有关问题的通知》，开展水文水资源服务工作，服务云南社会经济，保障云南水文发展，通过开展水文水资源服务工作，加强水文、水资源基础研究、促进水文新技术的开发利用、培养人才和锻炼水文队伍，弥补水文事业经费不足，确保水文事业稳定可持续发展，并推进水文水资源服务健康发展。","产出指标","质量指标","汛期监测站点信息到报率",">=","95","%","定量指标","汛期监测站点信息到报率。"]
["水文水资源服务支出经费","1.保障昆明分局辖区内国家基本站、基本委托雨量站的正常运行及水文数据监测水情数据预报等工作。\n2.完成全省水源地水资源质量监测、分析、评价；加强昆明分局水环境监测分中心实验室管理，完成日常质量管理、安全防护，信息系统、基础设施及仪器设备的运行维护，保证监测数据的准确、可靠。\n3.完成年度昆明分局水文资料整编、汇编及刊印、水情预报、水文新技术引进及研发推广应用。\n4.保障昆明辖区中小河流雨量站、州市界河站、中小河流水位站及水文站的运行维护。\n5.及时向各级水行政主管部门、流域机构及各相关部门上报监测数据，更好为水利工程调度、水资源管理、防汛抗旱减灾及水环境的污染控制和治理等工作提供科学决策依据。\n6.组织开展全省水文系统技术业务培训，培养人才和锻炼水文队伍，进一步提高水文行业专业技术业务能力。\n7.完成年度水文委托业务，成果质量、业务能力得到主管部门及社会公众认可。\n8.完成年度分局水文监测调查设备的配置和水文基础设施改造，保障水文工作的正常开展。\n9.根据《云南省财政厅云南省发展和改革委员会关于事业单位经营服务性收费有关问题的通知》，开展水文水资源服务工作，服务云南社会经济，保障云南水文发展，通过开展水文水资源服务工作，加强水文、水资源基础研究、促进水文新技术的开发利用、培养人才和锻炼水文队伍，弥补水文事业经费不足，确保水文事业稳定可持续发展，并推进水文水资源服务健康发展。","产出指标","质量指标","河道洪（枯）水预警发布率","=","100","%","定量指标","河道洪（枯）水预警发布率。"]
["水文水资源服务支出经费","1.保障昆明分局辖区内国家基本站、基本委托雨量站的正常运行及水文数据监测水情数据预报等工作。\n2.完成全省水源地水资源质量监测、分析、评价；加强昆明分局水环境监测分中心实验室管理，完成日常质量管理、安全防护，信息系统、基础设施及仪器设备的运行维护，保证监测数据的准确、可靠。\n3.完成年度昆明分局水文资料整编、汇编及刊印、水情预报、水文新技术引进及研发推广应用。\n4.保障昆明辖区中小河流雨量站、州市界河站、中小河流水位站及水文站的运行维护。\n5.及时向各级水行政主管部门、流域机构及各相关部门上报监测数据，更好为水利工程调度、水资源管理、防汛抗旱减灾及水环境的污染控制和治理等工作提供科学决策依据。\n6.组织开展全省水文系统技术业务培训，培养人才和锻炼水文队伍，进一步提高水文行业专业技术业务能力。\n7.完成年度水文委托业务，成果质量、业务能力得到主管部门及社会公众认可。\n8.完成年度分局水文监测调查设备的配置和水文基础设施改造，保障水文工作的正常开展。\n9.根据《云南省财政厅云南省发展和改革委员会关于事业单位经营服务性收费有关问题的通知》，开展水文水资源服务工作，服务云南社会经济，保障云南水文发展，通过开展水文水资源服务工作，加强水文、水资源基础研究、促进水文新技术的开发利用、培养人才和锻炼水文队伍，弥补水文事业经费不足，确保水文事业稳定可持续发展，并推进水文水资源服务健康发展。","产出指标","质量指标","水文年鉴汇编刊印资料合格率","=","100","%","定量指标","水文年鉴汇编刊印资料合格率。"]
["水文水资源服务支出经费","1.保障昆明分局辖区内国家基本站、基本委托雨量站的正常运行及水文数据监测水情数据预报等工作。\n2.完成全省水源地水资源质量监测、分析、评价；加强昆明分局水环境监测分中心实验室管理，完成日常质量管理、安全防护，信息系统、基础设施及仪器设备的运行维护，保证监测数据的准确、可靠。\n3.完成年度昆明分局水文资料整编、汇编及刊印、水情预报、水文新技术引进及研发推广应用。\n4.保障昆明辖区中小河流雨量站、州市界河站、中小河流水位站及水文站的运行维护。\n5.及时向各级水行政主管部门、流域机构及各相关部门上报监测数据，更好为水利工程调度、水资源管理、防汛抗旱减灾及水环境的污染控制和治理等工作提供科学决策依据。\n6.组织开展全省水文系统技术业务培训，培养人才和锻炼水文队伍，进一步提高水文行业专业技术业务能力。\n7.完成年度水文委托业务，成果质量、业务能力得到主管部门及社会公众认可。\n8.完成年度分局水文监测调查设备的配置和水文基础设施改造，保障水文工作的正常开展。\n9.根据《云南省财政厅云南省发展和改革委员会关于事业单位经营服务性收费有关问题的通知》，开展水文水资源服务工作，服务云南社会经济，保障云南水文发展，通过开展水文水资源服务工作，加强水文、水资源基础研究、促进水文新技术的开发利用、培养人才和锻炼水文队伍，弥补水文事业经费不足，确保水文事业稳定可持续发展，并推进水文水资源服务健康发展。","产出指标","时效指标","水情预报预警服务报送率",">=","85","%","定量指标","水情预报预警服务报送率。"]
["水文水资源服务支出经费","1.保障昆明分局辖区内国家基本站、基本委托雨量站的正常运行及水文数据监测水情数据预报等工作。\n2.完成全省水源地水资源质量监测、分析、评价；加强昆明分局水环境监测分中心实验室管理，完成日常质量管理、安全防护，信息系统、基础设施及仪器设备的运行维护，保证监测数据的准确、可靠。\n3.完成年度昆明分局水文资料整编、汇编及刊印、水情预报、水文新技术引进及研发推广应用。\n4.保障昆明辖区中小河流雨量站、州市界河站、中小河流水位站及水文站的运行维护。\n5.及时向各级水行政主管部门、流域机构及各相关部门上报监测数据，更好为水利工程调度、水资源管理、防汛抗旱减灾及水环境的污染控制和治理等工作提供科学决策依据。\n6.组织开展全省水文系统技术业务培训，培养人才和锻炼水文队伍，进一步提高水文行业专业技术业务能力。\n7.完成年度水文委托业务，成果质量、业务能力得到主管部门及社会公众认可。\n8.完成年度分局水文监测调查设备的配置和水文基础设施改造，保障水文工作的正常开展。\n9.根据《云南省财政厅云南省发展和改革委员会关于事业单位经营服务性收费有关问题的通知》，开展水文水资源服务工作，服务云南社会经济，保障云南水文发展，通过开展水文水资源服务工作，加强水文、水资源基础研究、促进水文新技术的开发利用、培养人才和锻炼水文队伍，弥补水文事业经费不足，确保水文事业稳定可持续发展，并推进水文水资源服务健康发展。","效益指标","社会效益","水文事业发展提升率",">=","90","%","定量指标","通过水文事业发展规划和实现程度判断完成效果。"]
["水文水资源服务支出经费","1.保障昆明分局辖区内国家基本站、基本委托雨量站的正常运行及水文数据监测水情数据预报等工作。\n2.完成全省水源地水资源质量监测、分析、评价；加强昆明分局水环境监测分中心实验室管理，完成日常质量管理、安全防护，信息系统、基础设施及仪器设备的运行维护，保证监测数据的准确、可靠。\n3.完成年度昆明分局水文资料整编、汇编及刊印、水情预报、水文新技术引进及研发推广应用。\n4.保障昆明辖区中小河流雨量站、州市界河站、中小河流水位站及水文站的运行维护。\n5.及时向各级水行政主管部门、流域机构及各相关部门上报监测数据，更好为水利工程调度、水资源管理、防汛抗旱减灾及水环境的污染控制和治理等工作提供科学决策依据。\n6.组织开展全省水文系统技术业务培训，培养人才和锻炼水文队伍，进一步提高水文行业专业技术业务能力。\n7.完成年度水文委托业务，成果质量、业务能力得到主管部门及社会公众认可。\n8.完成年度分局水文监测调查设备的配置和水文基础设施改造，保障水文工作的正常开展。\n9.根据《云南省财政厅云南省发展和改革委员会关于事业单位经营服务性收费有关问题的通知》，开展水文水资源服务工作，服务云南社会经济，保障云南水文发展，通过开展水文水资源服务工作，加强水文、水资源基础研究、促进水文新技术的开发利用、培养人才和锻炼水文队伍，弥补水文事业经费不足，确保水文事业稳定可持续发展，并推进水文水资源服务健康发展。","效益指标","社会效益","水文预测（报）成果精准率",">=","90","%","定量指标","反映水情预测预警是否准确；水文预测（报）成果精准率=成果精准数/总数据量×100%。"]
["其他人员支出","做好本部门2026年度编外人员经费保障，按规定落实编外人员各项待遇，支持部门正常履职。","产出指标","数量指标","工资福利发放事业人数","=","43","人","定量指标","反映部门（单位）实际发放事业单位编制外人员数量。工资福利包括：编外人员工资、社会保险、住房公积金等。"]
["其他人员支出","做好本部门2026年度编外人员经费保障，按规定落实编外人员各项待遇，支持部门正常履职。","效益指标","社会效益","部门运转","=","正常运转",null,"定性指标","反映部门（单位）运转情况。"]
["其他人员支出","做好本部门2026年度编外人员经费保障，按规定落实编外人员各项待遇，支持部门正常履职。","满意度指标","服务对象满意度","受益对象满意度",">=","90","%","定量指标","反映单位人员对编外工作的满意度。"]

{"sheet":"部门政府性基金预算表06","index":9,"n_rows":9,"n_cols":6,"rows_kept":9,"merged":[[1,0,1,5],[3,0,4,0],[3,1,4,1],[3,2,4,2],[3,3,3,5],[7,0,7,2],[8,0,8,5]]}
[{"$nulls":5},"预算06表"]
["2026年政府性基金预算支出预算表"]
[{"$f":"\"单位名称：\"&\"云南省水文水资源局昆明分局\"","v":"单位名称：云南省水文水资源局昆明分局"},{"$nulls":4},"单位：元"]
["单位名称","科目编码","科目名称","政府性基金预算支出"]
[{"$nulls":3},"合计","基本支出","项目支出"]
[1,2,3,4,5,6]
[]
["合  计",null,"合  计"]
["备注：云南省水文水资源局昆明分局无政府性基金预算支出，故政府性基金预算支出预算表为空。"]

{"sheet":"部门政府采购预算表07","index":10,"n_rows":19,"n_cols":17,"rows_kept":19,"merged":[[1,0,1,16],[2,0,2,5],[3,0,5,0],[3,1,5,1],[3,2,5,2],[3,3,5,3],[3,4,5,4],[3,5,5,5],[3,6,3,16],[4,6,5,6],[4,7,5,7],[4,8,5,8],[4,9,5,9],[4,10,5,10],[4,11,4,16],[18,0,18,4]]}
[{"$nulls":16},"预算07表"]
["2026年部门政府采购预算表"]
[{"$f":"\"单位名称：\"&\"云南省水文水资源局昆明分局\"","v":"单位名称：云南省水文水资源局昆明分局"},{"$nulls":15},"单位：元"]
["预算项目","采购项目","采购品目","计量\n单位","数量","面向中小企业预留资金","资金来源"]
[{"$nulls":6},"合计","一般公共预算","政府性\n基金","国有资本经营收益","财政专户管理的收入","单位自筹"]
[{"$nulls":7},"小计",{"$nulls":3},"小计","事业收入","事业单位\n经营收入","上级补助收入","附属单位上缴收入","其他收入"]
[1,2,3,4,5,6,7,8,9,10,11,12,13,14,15,16,17]
["云南省水文水资源局昆明分局",{"$nulls":4},{"v":379515.6,"d":"379,515.60"},{"v":478615.6,"d":"478,615.60"},{"v":202680,"d":"202,680.00"},{"$nulls":3},{"v":275935.6,"d":"275,935.60"},{"$nulls":4},{"v":275935.6,"d":"275,935.60"}]
["公车购置及运维费","车辆加油、添加燃料服务","C23120302 车辆加油、添加燃料服务","项",1,null,{"v":48220,"d":"48,220.00"},{"$nulls":4},{"v":48220,"d":"48,220.00"},{"$nulls":4},{"v":48220,"d":"48,220.00"}]
["公车购置及运维费","车辆加油、添加燃料服务","C23120302 车辆加油、添加燃料服务","项",1,null,{"v":17000,"d":"17,000.00"},{"v":17000,"d":"17,000.00"}]
["公车购置及运维费","车辆维修和保养服务","C23120301 车辆维修和保养服务","项",1,null,{"v":9000,"d":"9,000.00"},{"v":9000,"d":"9,000.00"}]
["公车购置及运维费","车辆维修和保养服务","C23120301 车辆维修和保养服务","项",1,null,{"v":20000,"d":"20,000.00"},{"$nulls":4},{"v":20000,"d":"20,000.00"},{"$nulls":4},{"v":20000,"d":"20,000.00"}]
["公车购置及运维费","机动车保险服务","C1804010201 机动车保险服务","项",1,null,{"v":4880,"d":"4,880.00"},{"v":4880,"d":"4,880.00"}]
["一般公用经费","印刷费","C23090100 印刷服务","项",1,{"v":15000,"d":"15,000.00"},{"v":15000,"d":"15,000.00"},{"v":15000,"d":"15,000.00"}]
["水文水资源服务支出经费","LED显示屏","A02021103 LED显示屏","项",1,{"v":187915.6,"d":"187,915.60"},{"v":187915.6,"d":"187,915.60"},{"$nulls":4},{"v":187915.6,"d":"187,915.60"},{"$nulls":4},{"v":187915.6,"d":"187,915.60"}]
["水文水资源服务支出经费","复印纸","A05040101 复印纸","箱",120,{"v":20160,"d":"20,160.00"},{"v":20160,"d":"20,160.00"},{"v":20160,"d":"20,160.00"}]
["水文水资源服务支出经费","印刷费","C2309019901 公文用纸、资料汇编、信封印刷服务","项",1,{"v":136640,"d":"136,640.00"},{"v":136640,"d":"136,640.00"},{"v":136640,"d":"136,640.00"}]
["水文水资源服务支出经费","空调","A02061804 空调机","台",1,{"v":19800,"d":"19,800.00"},{"v":19800,"d":"19,800.00"},{"$nulls":4},{"v":19800,"d":"19,800.00"},{"$nulls":4},{"v":19800,"d":"19,800.00"}]
["合  计",{"$nulls":4},{"v":379515.6,"d":"379,515.60"},{"v":478615.6,"d":"478,615.60"},{"v":202680,"d":"202,680.00"},{"$nulls":3},{"v":275935.6,"d":"275,935.60"},{"$nulls":4},{"v":275935.6,"d":"275,935.60"}]

{"sheet":"部门政府购买服务预算表08","index":11,"n_rows":11,"n_cols":14,"rows_kept":11,"merged":[[1,0,1,13],[2,0,2,2],[3,0,5,0],[3,1,5,1],[3,2,5,2],[3,3,3,13],[4,3,5,3],[4,4,5,4],[4,5,5,5],[4,6,5,6],[4,7,5,7],[4,8,4,13],[9,0,9,2],[10,0,10,13]]}
[{"$nulls":13},"预算08表"]
["2026年部门政府购买服务预算表"]
[{"$f":"\"单位名称：\"&\"云南省水文水资源局昆明分局\"","v":"单位名称：云南省水文水资源局昆明分局"},{"$nulls":12},"单位：元"]
["预算项目","政府购买服务项目","政府购买服务目录","资金来源"]
[{"$nulls":3},"合计","一般公共预算","政府性\n基金","国有资本经营收益","财政专户管理的收入","单位自筹"]
[{"$nulls":8},"小计","事业收入","事业单位\n经营收入","上级补助收入","附属单位上缴收入","其他收入"]
[1,2,3,4,5,6,7,8,9,10,11,12,13,14]
[]
[]
["合  计"]
["备注：云南省水文水资源局昆明分局无政府购买服务，故政府购买服务预算表为空。"]

{"sheet":"省对下转移支付预算表09-1","index":12,"n_rows":9,"n_cols":24,"rows_kept":9,"merged":[[1,0,1,23],[2,0,2,8],[3,0,4,0],[3,1,3,3],[3,4,3,23],[8,0,8,23]]}
[{"$nulls":23},"预算09-1表"]
["2026年省对下转移支付预算表"]
[{"$f":"\"单位名称：\"&\"云南省水文水资源局昆明分局\"","v":"单位名称：云南省水文水资源局昆明分局"},{"$nulls":22},"单位：元"]
["单位名称（项目）","资金来源",null,null,"地区"]
[null,"合计","一般公共预算","政府性基金","昆明","昭通","曲靖","玉溪","红河","文山","普洱","西双版纳","楚雄","大理","保山","德宏","丽江","怒江","迪庆","临沧","宣威","腾冲","镇雄","未分配到地区数"]
[1,2,3,4,5,6,7,8,9,10,11,12,13,14,15,16,17,18,19,20,21,22,23,24]
[]
[]
["备注：云南省水文水资源局昆明分局无省对下转移支付，故省对下转移支付预算表为空。"]

{"sheet":"省对下转移支付绩效目标表09-2","index":13,"n_rows":8,"n_cols":10,"rows_kept":8,"merged":[[1,0,1,9],[2,0,2,7],[7,0,7,9]]}
[{"$nulls":9},"预算09-2表"]
["2026年省对下转移支付绩效目标表"]
[{"$f":"\"单位名称：\"&\"云南省水文水资源局昆明分局\"","v":"单位名称：云南省水文水资源局昆明分局"}]
["单位名称、项目名称","项目年度绩效目标","一级指标","二级指标","三级指标","指标性质","指标值","度量单位","指标属性","指标内容"]
[1,2,3,4,5,6,7,8,9,10]
[]
[]
["备注：云南省水文水资源局昆明分局无省对下转移支付，故省对下转移支付绩效目标表为空。"]

{"sheet":"新增资产配置表10","index":14,"n_rows":35,"n_cols":8,"rows_kept":35,"merged":[[1,0,1,7],[3,0,4,0],[3,1,4,1],[3,2,4,2],[3,3,4,3],[3,4,4,4],[3,5,3,7],[33,0,33,4],[34,0,34,7]]}
[{"$nulls":7},"预算10表"]
["2026年新增资产配置表"]
[{"$f":"\"单位名称：\"&\"云南省水文水资源局昆明分局\"","v":"单位名称：云南省水文水资源局昆明分局"}]
["单位名称","资产类别","资产分类代码.名称","资产名称","计量单位","财政部门批复数（元）"]
[{"$nulls":5},"数量","单价","金额"]
["1","2","3","4","5","6","7","8"]
["云南省水文水资源局昆明分局","设备","A02010205 终端接入设备","墒情监测终端","台",4,{"v":22000,"d":"22,000.00"},{"v":88000,"d":"88,000.00"}]
["云南省水文水资源局昆明分局","设备","A02010205 终端接入设备","遥测终端机","台",55,{"v":4000,"d":"4,000.00"},{"v":220000,"d":"220,000.00"}]
["云南省水文水资源局昆明分局","设备","A02010299 其他网络设备","通讯模块","个",55,{"v":1400,"d":"1,400.00"},{"v":77000,"d":"77,000.00"}]
["云南省水文水资源局昆明分局","设备","A02021103 LED显示屏","LED大屏","块",1,{"v":187915.6,"d":"187,915.60"},{"v":187915.6,"d":"187,915.60"}]
["云南省水文水资源局昆明分局","设备","A02052303 冷藏箱柜","标准物质冷藏柜（130L）","台",1,{"v":4500,"d":"4,500.00"},{"v":4500,"d":"4,500.00"}]
["云南省水文水资源局昆明分局","设备","A02052303 冷藏箱柜","样品冷藏柜（130L）","台",1,{"v":4500,"d":"4,500.00"},{"v":4500,"d":"4,500.00"}]
["云南省水文水资源局昆明分局","设备","A02061512 电池及能源系统","100ah蓄电池","个",30,{"v":1000,"d":"1,000.00"},{"v":30000,"d":"30,000.00"}]
["云南省水文水资源局昆明分局","设备","A02061512 电池及能源系统","太阳能板","个",26,{"v":1500,"d":"1,500.00"},{"v":39000,"d":"39,000.00"}]
["云南省水文水资源局昆明分局","设备","A02061804 空调机","大屏制冷空调","台",1,{"v":19800,"d":"19,800.00"},{"v":19800,"d":"19,800.00"}]
["云南省水文水资源局昆明分局","设备","A02091107 视频监控设备","视频监控球机镜头模块","个",8,{"v":1350,"d":"1,350.00"},{"v":10800,"d":"10,800.00"}]
["云南省水文水资源局昆明分局","设备","A02091107 视频监控设备","视频监控球机主板","个",8,{"v":1500,"d":"1,500.00"},{"v":12000,"d":"12,000.00"}]
["云南省水文水资源局昆明分局","设备","A02100401 电化学分析仪器","便携式电化学分析仪","台",2,{"v":40000,"d":"40,000.00"},{"v":80000,"d":"80,000.00"}]
["云南省水文水资源局昆明分局","设备","A02101800 水文仪器设备","E601型蒸发皿水温传感器","个",2,{"v":1500,"d":"1,500.00"},{"v":3000,"d":"3,000.00"}]
["云南省水文水资源局昆明分局","设备","A02101800 水文仪器设备","RTU","台",1,{"v":4000,"d":"4,000.00"},{"v":4000,"d":"4,000.00"}]
["云南省水文水资源局昆明分局","设备","A02101800 水文仪器设备","翻斗雨量计","个",20,{"v":1600,"d":"1,600.00"},{"v":32000,"d":"32,000.00"}]
["云南省水文水资源局昆明分局","设备","A02101800 水文仪器设备","固定式多探头雷达波测流系统（3探头）设备","台",1,{"v":280000,"d":"280,000.00"},{"v":280000,"d":"280,000.00"}]
["云南省水文水资源局昆明分局","设备","A02101800 水文仪器设备","挂载式雷达波测流系统设备","台",2,{"v":130000,"d":"130,000.00"},{"v":260000,"d":"260,000.00"}]
["云南省水文水资源局昆明分局","设备","A02101800 水文仪器设备","流量自动监测系统RTU","台",5,{"v":7000,"d":"7,000.00"},{"v":35000,"d":"35,000.00"}]
["云南省水文水资源局昆明分局","设备","A02101800 水文仪器设备","人工20cm蒸发皿","套",1,{"v":2000,"d":"2,000.00"},{"v":2000,"d":"2,000.00"}]
["云南省水文水资源局昆明分局","设备","A02101800 水文仪器设备","水温传感器","套",2,{"v":2500,"d":"2,500.00"},{"v":5000,"d":"5,000.00"}]
["云南省水文水资源局昆明分局","设备","A02101800 水文仪器设备","水温遥测系统设备","套",1,{"v":20000,"d":"20,000.00"},{"v":20000,"d":"20,000.00"}]
["云南省水文水资源局昆明分局","设备","A02101800 水文仪器设备","压力水位计","台",2,{"v":20000,"d":"20,000.00"},{"v":40000,"d":"40,000.00"}]
["云南省水文水资源局昆明分局","设备","A02430900 无人机","摄像无人机","台",1,{"v":40000,"d":"40,000.00"},{"v":40000,"d":"40,000.00"}]
["云南省水文水资源局昆明分局","设备","A02430900 无人机","行业无人机（含智图软件）","台",1,{"v":110000,"d":"110,000.00"},{"v":110000,"d":"110,000.00"}]
["云南省水文水资源局昆明分局","家具和用品","A05029900 其他用具","工具箱","个",4,{"v":1200,"d":"1,200.00"},{"v":4800,"d":"4,800.00"}]
["云南省水文水资源局昆明分局","家具和用品","A05029900 其他用具","伸缩梯","个",1,{"v":1200,"d":"1,200.00"},{"v":1200,"d":"1,200.00"}]
["云南省水文水资源局昆明分局","无形资产","A08060303 应用软件","昆明滇池水文站网720度全景轻量化数字孪生展示系统","套",1,{"v":100000,"d":"100,000.00"},{"v":100000,"d":"100,000.00"}]
["合计",{"$nulls":4},237,null,{"v":1710515.6,"d":"1,710,515.60"}]
["注：涉及土地使用权、房屋、公务用车购置，按照现行相关管理制度规定报批，以职能部门审批意见为准。"]

{"sheet":"中央转移支付补助项目支出预算表11","index":15,"n_rows":11,"n_cols":11,"rows_kept":11,"merged":[[1,0,1,10],[2,0,2,6],[3,0,5,0],[3,1,5,1],[3,2,5,2],[3,3,5,3],[3,4,5,4],[3,5,5,5],[3,6,5,6],[3,7,5,7],[3,8,3,10],[4,8,5,8],[4,9,5,9],[4,10,5,10],[9,0,9,6],[10,0,10,6]]}
[{"$nulls":10},"预算11表"]
["2026年中央转移支付补助项目支出预算表"]
[{"$f":"\"单位名称：\"&\"云南省水文水资源局昆明分局\"","v":"单位名称：云南省水文水资源局昆明分局"},{"$nulls":9},"单位：元"]
["项目分类","项目名称","项目单位","功能科目编码","功能科目名称","经济科目编码","经济科目名称","合计","上级补助"]
[{"$nulls":8},"一般公共预算","政府性基金预算","国有资本经营预算"]
[{"$nulls":8},"小计"]
[1,2,3,4,5,6,7,8,9,10,11]
[]
[]
["合  计"]
["备注：云南省水文水资源局昆明分局无中央转移支付补助项目支出，故上中央转移支付补助项目支出预算表为空。"]

{"sheet":"部门项目支出中期规划预算表12","index":16,"n_rows":11,"n_cols":7,"rows_kept":11,"merged":[[1,0,1,6],[2,0,2,3],[3,0,5,0],[3,1,5,1],[3,2,5,2],[3,3,5,3],[3,4,3,6],[4,4,5,4],[4,5,5,5],[4,6,5,6],[10,0,10,3]]}
[{"$nulls":6},"预算12表"]
["2026年部门项目支出中期规划预算表"]
[{"$f":"\"单位名称：\"&\"云南省水文水资源局昆明分局\"","v":"单位名称：云南省水文水资源局昆明分局"},{"$nulls":5},"单位：元"]
["项目单位","项目分类","项目名称","项目级次","一般公共预算"]
[{"$nulls":4},"2026年","2027年","2028年"]
[{"$nulls":5},"小计"]
[1,2,3,4,5,6,7]
["云南省水文水资源局昆明分局",{"$nulls":3},{"v":5312600,"d":"5,312,600.00"},{"v":5312600,"d":"5,312,600.00"},{"v":5312600,"d":"5,312,600.00"}]
[null,"229 其他运转类","水文水资源服务支出经费","本级",{"v":3769400,"d":"3,769,400.00"},{"v":3769400,"d":"3,769,400.00"},{"v":3769400,"d":"3,769,400.00"}]
[null,"312 民生类","其他人员支出","本级",{"v":1543200,"d":"1,543,200.00"},{"v":1543200,"d":"1,543,200.00"},{"v":1543200,"d":"1,543,200.00"}]
["合计","",null,null,{"v":5312600,"d":"5,312,600.00"},{"v":5312600,"d":"5,312,600.00"},{"v":5312600,"d":"5,312,600.00"}]